| 000 | 00762nam a22002297a 4500 | ||
|---|---|---|---|
| 003 | OSt | ||
| 005 | 20230712124907.0 | ||
| 008 | 221006b |||||||| |||| 00| 0 eng d | ||
| 020 | _a9 771743 885001 | ||
| 040 | _cBiblioteca Lado V | ||
| 082 |
_a700 _bC975t |
||
| 100 |
_9893 _aCuriger, Bice _eeditor |
||
| 245 |
_aTema Celeste/ _bContemporaryart/ |
||
| 260 |
_c2005 _bThe board of Trustees of the Tate Gallery |
||
| 300 |
_c21x27cm _a114p. |
||
| 490 |
_v2005 _a3 _x1743 8853 |
||
| 650 |
_2Tesauro de Arte & Arquitectura _aARTE |
||
| 650 |
_2Tesauro de Arte & Arquitectura _aARTE CONTEMPORARIO |
||
| 650 |
_2Tesauro de Arte & Arquitectura _aCRITICA |
||
| 650 |
_2Tesauro de Arte & Arquitectura _aCULTURA |
||
| 942 |
_2ddc _c1 _h700 _iC975t _n0 |
||
| 999 |
_c4039 _d4039 |
||